Σκληρά παιχνίδια για σκληρά αγόρια
Saved in:
| Main Author: | |
|---|---|
| Other Authors: | |
| Format: | Book |
| Language: | Greek English |
| Published: |
Αθήνα :
Οξύ,
1999.
|
| Series: | Παραμόρφωση (Οξύ)
|
| Subjects: | |
| Tags: |
Add Tag
No Tags, Be the first to tag this record!
|
MARC
| LEADER | 00000cam a2200000 i 4500 | ||
|---|---|---|---|
| 001 | 1/20684 | ||
| 008 | 051213s1999 gr | ||| |||| ||gre|| | ||
| 020 | |a 9607614763 | ||
| 035 | |l 10081677 | ||
| 040 | |a GR-MyUA |b gre |e AACR2 | ||
| 041 | 1 | |a gre |h eng | |
| 082 | 7 | |a 823.914 |2 (22) | |
| 100 | 1 | |a Self, Will. | |
| 245 | 1 | 0 | |a Σκληρά παιχνίδια για σκληρά αγόρια / |c Will Self ; μετάφραση Γρηγόρης Κονδύλης. |
| 260 | |a Αθήνα : |b Οξύ, |c 1999. | ||
| 300 | |a 262 σ. ; |c 21 εκ. | ||
| 490 | 1 | |a (Παραμόρφωση / Οξύ) | |
| 500 | |a Τίτλος πρωτοτύπου: Tough, tough toys for tough, tough boys. | ||
| 650 | 0 | 0 | |a Satire, English. |
| 650 | 0 | 0 | |a English fiction. |
| 651 | 0 | |a England |x Social life and customs |x Fiction. | |
| 700 | 1 | |a Κονδύλης, Γρηγόρης Ν. |e trl | |
| 830 | 0 | |a Παραμόρφωση (Οξύ) | |
| 852 | |a INST |b SAMOS |e 20051213 |h 823.914 SEL |p 005300024939 |q 005300024939 |t BK |y 0 | ||
| 901 | |a BIBL3-2005-3 | ||
| 909 | |a Σ |b 114725 | ||
| 970 | |a ΜΑΛΑΓΑΡΗ |b ΦΩΤΕΙΝΗ |z 2005/12/13 | ||